000
00248nam a2200109Ia 4500
008
200302s9999 xx 000 0 und d
100
_a
P. R. Sabady
245
_a
The Solar House
260
_b
Newnes -Butterworths
260
_c
1978
300
_a
114 P.,
999
_c
303
_d
303